000 00504nam a2200193 a 4500
001 1758522272883
003 ACL
005 20250922115631.0
008 250922s2008##################000#0#eng##
020 _a9781603207928
082 0 4 _a796
_bSPO
100 1 _aIllustrated, Editors of Sports,
_eauthor.
245 1 0 _aSports Illustrated: Almanac 2009 :
260 _bSports Illustrated,
_c2008.
300 _a580 pages
650 0 _aSports & Recreation.
942 _cENGLISH
040 _aACL
_beng
_cACL
999 _c588766
_d588766